Innovative clusters and competitive cities in the UK and Europe (Record no. 100623)

MARC details
000 -LEADER
fixed length control field 00797cam a2200277 4500
008 - FIXED-LENGTH DATA ELEMENTS--GENERAL INFORMATION
fixed length control field 000000n1999 000 0 eng u
020 ## - INTERNATIONAL STANDARD BOOK NUMBER
International Standard Book Number 0863421830
035 ## - SYSTEM CONTROL NUMBER
System control number (Sirsi) u106736
041 ## - LANGUAGE CODE
Language code of text/sound track or separate title 711.52094
100 ## - MAIN ENTRY--PERSONAL NAME
Personal name Hart, Douglas
245 ## - TITLE STATEMENT
Title Innovative clusters and competitive cities in the UK and Europe
260 ## - PUBLICATION, DISTRIBUTION, ETC.
Place of publication, distribution, etc. Oxford
Name of publisher, distributor, etc. Oxford Brookes University
Date of publication, distribution, etc. 1999
300 ## - PHYSICAL DESCRIPTION
Extent 199p. ; 30cm.
350 ## - PRICE (NR) (BK AM CF MU VM SE) [OBSOLETE]
Price 8.00
490 ## - SERIES STATEMENT
Series statement Working Paper
Volume/sequential designation No.182
520 ## - SUMMARY, ETC.
Summary, etc. Proceedings of an International Research Seminar held at Reading University - May 1998
650 ## - SUBJECT ADDED ENTRY--TOPICAL TERM
Topical term or geographic name entry element CITIES
650 ## - SUBJECT ADDED ENTRY--TOPICAL TERM
Topical term or geographic name entry element INNOVATION
650 ## - SUBJECT ADDED ENTRY--TOPICAL TERM
Topical term or geographic name entry element ECONOMIC GROWTH
650 ## - SUBJECT ADDED ENTRY--TOPICAL TERM
Topical term or geographic name entry element SOCIAL ISSUES
650 ## - SUBJECT ADDED ENTRY--TOPICAL TERM
Topical term or geographic name entry element EUROPE
690 ## - LOCAL SUBJECT ADDED ENTRY--TOPICAL TERM (OCLC, RLIN)
Topical term or geographic name as entry element ECONOMIC ISSUES
700 ## - ADDED ENTRY--PERSONAL NAME
Personal name Wood, Peter
700 ## - ADDED ENTRY--PERSONAL NAME
Personal name Sennett, James
942 ## - ADDED ENTRY ELEMENTS (KOHA)
Suppress in OPAC 0
Holdings
Withdrawn status Lost status Source of classification or shelving scheme Damaged status Not for loan Home library Current library Shelving location Date acquired Cost, normal purchase price Total Checkouts Full call number Barcode Date last seen Date last checked out Copy number Cost, replacement price Price effective from Koha item type
    Dewey Decimal Classification     London London Folio 26/06/2000 8.00 1 F711.52094 HAR 30061660 06/08/2019 01/02/2005 1 8.00 06/08/2019 Book